Geography Quiz

Random Geography or World Quiz

Landmarks on Islands Quiz Stats

 Plays Quiz Updated Aug 20, 2013

     
Support Sporcle.
Go Orange.
Score 0/18 Timer 04:00
2 Plays Today
% Correct
Statue of Liberty
94.4%
Alcatraz Federal Penitentiary
89.7%
Waikiki Beach
86.3%
Mt. Fuji
85.2%
Tokyo Tower
81.6%
Taipei 101
81%
Hong Kong Stock Exchange
79%
Mt. Etna
76%
Blarney Castle
74.8%
% Correct
Stonehenge
72.3%
Empire State Building
71%
Westminster Abbey
66.5%
Buddha of Phuket
66.3%
Zanzibar Stone Town
65.6%
Bridge of Sighs
62.5%
Tivoli Gardens
51.1%
Atlantic City boardwalk
42.7%
Jefferson Memorial
35.9%

From the Vault

Top 100 Bands (1972)

by chaste

Music 10m
It seems like these songs were hits just yesterday, but it's been 45 years.
Remove Ads.
Support Sporcle.
Get the best of Sporcle when you Go Orange. This ad-free experience offers more features, more stats, and more fun while also helping to support Sporcle. Thank you for becoming a member.

Show Comments

Extras

Top Quizzes Today


Score Distribution

Your Account Isn't Verified!

In order to create a playlist on Sporcle, you need to verify the email address you used during registration. Go to your Sporcle Settings to finish the process.

Report this User

Report this user for behavior that violates our Community Guidelines.

Details: